| 000 | 00000nas##2200000za#4500 |
|---|---|
| 001 | 9.513011 |
| 003 | CaOODSP |
| 005 | 20200331215958 |
| 007 | ta |
| 008 | 150406c2000||||xxc|| m #||||f| |0fre|d |
| 040 | |aCaOODSP|bfre |
| 043 | |an-cn--- |
| 086 | 1 |aFA1-2000F |
| 110 | 1 |aCanada. |bBureau du vérificateur général. |
| 245 | 10|aRapport du vérificateur général du Canada à la Chambre des communes, 2000 |
| 260 | |aOttawa - Ontario : |bBureau du vérificateur général du Canada |
| 563 | |aCouverture souple |
| 775 | 08|tReport of the Auditor General of Canada to the House of Commons, 2000 |w(CaOODSP)9.514620 |